00483nam a2200193Ia 4500008004100000020001400041245003600055245003700091245001800128260001500146260001600161260000900177300001500186300002500201300001000226440002600236500000800262999001900270170705s9999 xx 000 0 und d a590457128 aAdventures of the shark lady : bEugenie Clark around the world / cAnn McGovern. aNew York : bScholastic, c1998 a79 pages : bcolor illustration ; c19cm. aScholastic biography. a890 c336423d336423